000 00987nam a22003257a 4500
001 0002615
003 KOHA_MİRAKIL
005 20260207001316.0
007 ta
008 090303b1999 tu |||gr||||#||||0|tur |
020 _a9754700486
040 _aTR-BiSEU
_btur
_cTR-BiSEU
_erda
041 0 _atur
044 _ctu
050 _aBL60
_b.M37 1999
100 1 _aMardin, Şerif.
245 1 _aDin ve ideoloji :
_btoplu eserleri 2/
_cŞerif Mardin ; Şerif Mardin.
264 1 _aİstanbul :
_bİletişim
_c1999
300 _a182 sayfa
336 _ametin
_btxt
_2rdacontent
337 _aaracısız
_bn
_2rdamedia
338 _acilt
_bnc
_2rdacarrier
490 1 _aİletişim yayınları ;
_v14 Şerif Mardin bütün eserleri 2
650 0 _aDin ve ideoloji.
_97164
650 0 _aİdeoloji.
_97165
650 0 _aReligion and ideology.
_97166
650 0 _aIdeology.
_97167
830 1 _aİletişim yayınları ;
_v14 Şerif Mardin bütün eserleri 2
_92528
942 _2lcc
_cBK
999 _c2602
_d2602